00702nam a2200205 a 4500008004100000020001500041050001800056100003100074245007500105260003400180300002200214350000900236500004400245650003500289650001000324650002300334650006600357650003800423650003500461120416s1983 ||||||||||||||||| || u a0070456712 aHQ 79.B35 Mac aMcNally, Raymond T., 1931-10aDracula was a woman: in search of the blood countess of Transylvania / aNew York :bMcGraw-Hillc1983 axii, 254p. : ill. a0.00 aBibliography / Filmography: p. 215-244. aCOUNTESSES--HUNGARY--BIOGRAPHY aWOMEN aSadism - Biography aHungary - History - Turkish occupation, 1526-1699 - Biography aWOMEN MURDERS--HUNGARY--BIOGRAPHY aBAATHORY, ERZSAEBET, 1560-1614